[Event "Eisk Azovskie Zori op"]
[Site "Eisk"]
[Date "2011.06.13"]
[Round "8"]
[White "Levchenko, Nikolay"]
[Black "Ustinov, Alexandr"]
[Result "0-1"]
[WhiteElo "1882"]
[BlackElo "2204"]
[PlyCount "188"]
[EventDate "2011.06.05"]
[EventType "swiss"]
[EventRounds "9"]
[EventCountry "RUS"]
[SourceTitle "EXT 2012"]
[Source "ChessBase"]
[SourceDate "2011.11.24"]
[SourceVersion "1"]
[SourceVersionDate "2011.11.24"]
[SourceQuality "1"]

1. e4 Nc6 2. Nc3 e6 3. Bc4 a6 4. d4 b5 5. Bb3 b4 6. Na4 Na5 7. Qd3 Nxb3 8. axb3 d6 9. c4 Be7 10. f4 Nf6 11. Nf3 0-0 12. Bd2 a5 13. 0-0 d5 14. e5 Ne4 15. Be3 Re8 16. Rfd1 c6 17. Nd2 f5 18. exf6 Nxf6 19. Nf3 Bd6 20. Ng5 Qc7 21. Rf1 h6 22. Nh3 Qf7 23. Rf3 Qh5 24. Nb6 Ra7 25. Nxc8 Rxc8 26. c5 Bf8 27. Bd2 Rb8 28. Re1 Ne4 29. Nf2 Nxf2 30. Rxf2 Qf7 31. Re5 g6 32. Qh3 Re8 33. Rfe2 Rae7 34. R5e3 Bg7 35. Rd3 h5 36. Qf3 Rf8 37. g3 Qf5 38. Kg2 Ref7 39. h3 g5 40. g4 Qf6 41. Re5 gxf4 42. Rxh5 Qg6 43. Be1 Qe4 44. Bf2 Re8 45. Rd2 Qxf3+ 46. Kxf3 e5 47. dxe5 Rxe5 48. Rxe5 Bxe5 49. h4 Bg7 50. g5 Rf5 51. Kg4 Re5 52. Kxf4 Re4+ 53. Kf5 Re5+ 54. Kg4 Re4+ 55. Kh3 Be5 56. Kg2 Kg7 57. Kh3 Kg6 58. Kg2 Kh5 59. Kh3 Kg6 60. Rd1 Bxb2 61. Rh1 Kf5 62. Kg3 Be5+ 63. Kh3 Rf4 64. Kg2 Rg4+ 65. Kf3 Rf4+ 66. Ke2 a4 67. bxa4 b3 68. h5 Re4+ 69. Kd3 Kxg5 70. h6 Rxa4 71. Be3+ Kg6 72. h7 Ra8 73. Rh6+ Kg7 74. Re6 b2 75. Re7+ Kh8 76. Kc2 Ra1 77. Rb7 Ra3 78. Bd2 Rh3 79. Rb6 Kxh7 80. Kd1 Rh2 81. Kc2 Bf4 82. Kxb2 Bxd2 83. Rxc6 Kg7 84. Kc2 Bf4+ 85. Kd3 Rd2+ 86. Kc3 Kf7 87. Rc8 Ke7 88. c6 d4+ 89. Kc4 Rd1 90. Rg8 d3 91. Kc3 Be5+ 92. Kc4 d2 93. Kd3 Bf4 94. c7 Rc1 0-1

[Event "Eisk Azovskie Zori op"]
[Site "Eisk"]
[Date "2011.06.08"]
[Round "4"]
[White "Xvorostjanyj, Anatoliy"]
[Black "Ustinov, Alexandr"]
[Result "1-0"]
[WhiteElo "2120"]
[BlackElo "2204"]
[PlyCount "77"]
[EventDate "2011.06.05"]
[EventType "swiss"]
[EventRounds "9"]
[EventCountry "RUS"]
[SourceTitle "EXT 2012"]
[Source "ChessBase"]
[SourceDate "2011.11.24"]
[SourceVersion "1"]
[SourceVersionDate "2011.11.24"]
[SourceQuality "1"]

1. d4 Nf6 2. c4 c5 3. d5 e6 4. Nc3 exd5 5. cxd5 d6 6. e4 g6 7. f4 Bg7 8. Bb5+ Bd7 9. e5 Nh5 10. Qe2 0-0 11. Nf3 Re8 12. 0-0 a6 13. Bxd7 Nxd7 14. e6 fxe6 15. dxe6 Bd4+ 16. Kh1 Ng7 17. f5 gxf5 18. Ng5 Nf6 19. Bf4 Qe7 20. Rae1 h6 21. Nf7 Qxe6 22. Nxh6+ Kh7 23. Qd1 Qd7 24. Qf3 Ne4 25. Nxe4 fxe4 26. Rxe4 Qc6 27. Rfe1 Rxe4 28. Rxe4 Re8 29. Nf7 Rxe4 30. Ng5+ Kg8 31. Nxe4 d5 32. Ng5 Bxb2 33. Be5 Qe8 34. Qxd5+ Kh8 35. Qe4 Qh5 36. g4 Qxg5 37. Bxb2 b5 38. Qf3 Kg8 39. Bf6 1-0

[Event "Eisk Azovskie Zori op"]
[Site "Eisk"]
[Date "2011.06.07"]
[Round "3"]
[White "Ustinov, Alexandr"]
[Black "Getmanov, Yuriy"]
[Result "1-0"]
[WhiteElo "2204"]
[BlackElo "1828"]
[PlyCount "67"]
[EventDate "2011.06.05"]
[EventType "swiss"]
[EventRounds "9"]
[EventCountry "RUS"]
[SourceTitle "EXT 2012"]
[Source "ChessBase"]
[SourceDate "2011.11.24"]
[SourceVersion "1"]
[SourceVersionDate "2011.11.24"]
[SourceQuality "1"]

1. e4 e5 2. Nf3 Nc6 3. d4 exd4 4. Nxd4 Bc5 5. Be3 Qe7 6. Nc3 Nf6 7. Nf5 Qf8 8. Bxc5 Qxc5 9. Qe2 0-0 10. Qe3 d6 11. Qxc5 dxc5 12. Ne3 a6 13. 0-0-0 Be6 14. Ned5 Bxd5 15. exd5 Nd4 16. Ne2 Ne4 17. Nxd4 Nxf2 18. Rd2 cxd4 19. Rxf2 Rad8 20. Be2 Rxd5 21. Bf3 Rb5 22. Re1 b6 23. Re7 Rc5 24. Rd7 Re5 25. Rxd4 f6 26. Rd7 c5 27. Re2 Rfe8 28. Bd5+ Kh8 29. Rxe5 fxe5 30. Kd2 h6 31. Ke3 Kh7 32. Be4+ Kg8 33. Ra7 Kf8 34. Rxa6 1-0

[Event "Moscow op-B 04th"]
[Site "Moscow"]
[Date "2008.02.02"]
[Round "1"]
[White "Bogatirevich, Sergei"]
[Black "Ustinov, Alexandr"]
[Result "1-0"]
[WhiteElo "2159"]
[BlackElo "2214"]
[PlyCount "83"]
[EventDate "2008.02.02"]
[EventType "swiss"]
[EventRounds "9"]
[EventCountry "RUS"]
[SourceTitle "CBM 122 Extra"]
[Source "ChessBase"]
[SourceDate "2008.03.04"]
[SourceVersion "1"]
[SourceVersionDate "2008.03.04"]
[SourceQuality "1"]

1. Nf3 Nf6 2. g3 e6 3. Bg2 d5 4. 0-0 c5 5. d4 Nc6 6. b3 b6 7. Bb2 Be7 8. Nbd2 Bd7 9. c4 0-0 10. Rc1 Rc8 11. Re1 cxd4 12. Nxd4 Bc5 13. e3 Ne5 14. Nxe6 Bxe6 15. Bxe5 dxc4 16. Nxc4 Qe7 17. Bd6 Bxd6 18. Qxd6 Qxd6 19. Nxd6 Rxc1 20. Rxc1 Rd8 21. Nb5 a6 22. Nd4 Bd5 23. Bxd5 Nxd5 24. Rc6 g6 25. Kg2 Rb8 26. a3 Kg7 27. Rd6 Nf6 28. Nc6 Rb7 29. Ne5 Ne4 30. Rc6 Re7 31. Nc4 b5 32. Na5 Ra7 33. Kf3 Nd2+ 34. Kf4 Nb1 35. a4 bxa4 36. bxa4 Nd2 37. e4 h5 38. h4 f6 39. Rd6 Nb1 40. Nc6 Rc7 41. e5 fxe5+ 42. Nxe5 1-0

[Event "Lesozavodsk op"]
[Site "Lesozavodsk"]
[Date "2008.??.??"]
[Round "5"]
[White "Solovchuk, Mikhail"]
[Black "Ustinov, Alexandr"]
[Result "1-0"]
[WhiteElo "2165"]
[BlackElo "2214"]
[PlyCount "93"]
[EventDate "2008.06.12"]
[EventType "swiss"]
[EventRounds "9"]
[EventCountry "RUS"]
[SourceTitle "CBM 124 Extra"]
[Source "ChessBase"]
[SourceDate "2008.07.03"]
[SourceVersion "1"]
[SourceVersionDate "2008.07.03"]
[SourceQuality "1"]

1. c4 e5 2. Nc3 Nc6 3. g3 Bb4 4. Bg2 Nge7 5. e3 Ng6 6. Nge2 0-0 7. 0-0 d6 8. a3 Ba5 9. d4 Bg4 10. b4 exd4 11. exd4 Re8 12. bxa5 Nxa5 13. Qd3 c6 14. h3 Be6 15. d5 Bd7 16. Bf4 Nxf4 17. Nxf4 c5 18. Rab1 b6 19. Rfe1 g6 20. Nb5 Bxb5 21. cxb5 Rxe1+ 22. Rxe1 Qd7 23. Qe2 Kf8 24. a4 Nb3 25. Qg4 Qxg4 26. hxg4 a6 27. Bf1 Nd4 28. Rb1 a5 29. Kg2 Re8 30. Bc4 Kg7 31. Nd3 Kf6 32. Rh1 Kg7 33. Re1 Rxe1 34. Nxe1 Kf6 35. f4 g5 36. Nd3 Nc2 37. Kf2 Kg6 38. Nb2 Nd4 39. Bd3+ Kh6 40. Nc4 Nb3 41. Nxb6 c4 42. Nxc4 Nc5 43. Bc2 Nb7 44. b6 gxf4 45. gxf4 Kg7 46. Bf5 Kf6 47. Bc8 1-0

[Event "St Petersburg White Nights op"]
[Site "St Petersburg"]
[Date "2001.06.17"]
[Round "9"]
[White "Ustinov, Alexandr"]
[Black "Kozlov, Viktor Mihail"]
[Result "0-1"]
[WhiteElo "2246"]
[BlackElo "2389"]
[PlyCount "60"]
[EventDate "2001.06.09"]
[EventType "swiss"]
[EventRounds "9"]
[EventCountry "RUS"]
[SourceTitle "CBM 082 Extra"]
[Source "ChessBase"]
[SourceDate "2001.07.03"]
[SourceVersion "1"]
[SourceVersionDate "2001.07.03"]
[SourceQuality "1"]

1. e4 e6 2. d4 d5 3. e5 c5 4. c3 Nc6 5. Nf3 Qb6 6. Be2 Nge7 7. b3 cxd4 8. cxd4 Nf5 9. Bb2 Bb4+ 10. Kf1 0-0 11. Nc3 f6 12. Na4 Qd8 13. a3 Be7 14. Rc1 fxe5 15. dxe5 Bd7 16. Nc5 Bxc5 17. Rxc5 Qb6 18. Qc2 Rac8 19. b4 a5 20. Rb5 Qa7 21. Qd2 axb4 22. axb4 b6 23. Rxd5 exd5 24. Qxd5+ Kh8 25. e6 Be8 26. g4 Rd8 27. Qc4 b5 28. Qxb5 Nfd4 29. Bxd4 Nxd4 30. Nxd4 Qxd4 0-1

[Event "St Petersburg White Nights op"]
[Site "St Petersburg"]
[Date "2001.06.11"]
[Round "3"]
[White "Ustinov, Alexandr"]
[Black "Sidorov, Anatoly"]
[Result "0-1"]
[WhiteElo "2246"]
[BlackElo "2370"]
[PlyCount "48"]
[EventDate "2001.06.09"]
[EventType "swiss"]
[EventRounds "9"]
[EventCountry "RUS"]
[SourceTitle "CBM 082 Extra"]
[Source "ChessBase"]
[SourceDate "2001.07.03"]
[SourceVersion "1"]
[SourceVersionDate "2001.07.03"]
[SourceQuality "1"]

1. e4 c5 2. Nf3 d6 3. Nc3 a6 4. Bc4 e6 5. d3 Nc6 6. a3 Be7 7. 0-0 Nf6 8. Ba2 0-0 9. Re1 b5 10. Bg5 Bb7 11. Ne2 Rc8 12. Ng3 Ne5 13. c3 Re8 14. Rc1 Qb6 15. Qe2 Nxf3+ 16. Qxf3 Nxe4 17. Bh6 Nf6 18. Qf4 gxh6 19. Rxe6 fxe6 20. Bxe6+ Kh8 21. Nf5 Bf8 22. Re1 Qd8 23. Re3 Rc7 24. d4 Bd5 0-1